Riconosci le città/comuni della Lombardia - Statistics

Statistiche generali
  • Questo quiz è stato fatto 80 volte
    77 dall'ultimo reset
  • Il punteggio medio è 14 su 50
Statistiche sulle risposte
con Immagini Risposta % Corretto
Milano
82%
Como
72%
Pavia
65%
Brescia
61%
Sirmione
61%
Cremona
60%
Mantova
60%
Bergamo
58%
Lecco
54%
Livigno
54%
Lodi
54%
Rho
53%
Bellagio
42%
Certosa di Pavia
42%
Monza
39%
Sondrio
39%
Tirano
39%
Crema
37%
Vigevano
37%
Bormio
32%
Varenna
28%
Desenzano del Garda
26%
Varese
26%
Crespi d'Adda
23%
San Pellegrino Terme
23%
Monte Isola
19%
Busto Arsizio
18%
Caravaggio
16%
Legnano
16%
Lovere
14%
Abbiategrasso
12%
Cantù
12%
Trezzo sull'Adda
12%
Cernobbio
11%
Cinisello Balsamo
11%
Gallarate
11%
Iseo
11%
Lissone
11%
Saronno
11%
Seregno
11%
Sesto San Giovanni
11%
Desio
9%
Menaggio
9%
Sabbioneta
9%
Salò
9%
Treviglio
9%
Voghera
9%
Aprica
7%
Gardone Riviera
7%
Limone sul Garda
7%
Nessun quiz corrispondente trovato
Distribuzione punteggi
Percentuale di utenti per punteggio
Percentile per numero di risposta
I tuoi punteggi nel tempo
Non hai fatto questo quiz dall'ultimo reset